Re Pyrke (VO) (Record no. 74281)
[ view plain ]
| 000 -LEADER | |
|---|---|
| fixed length control field | 01165cab a2200229 4500 |
| 001 - CONTROL NUMBER | |
| control field | ABS67666 |
| 008 - FIXED-LENGTH DATA ELEMENTS--GENERAL INFORMATION | |
| fixed length control field | 040318n2004 000 0 eng u |
| 035 ## - SYSTEM CONTROL NUMBER | |
| System control number | (Sirsi) u125480 |
| 245 ## - TITLE STATEMENT | |
| Title | Re Pyrke (VO) |
| 260 ## - PUBLICATION, DISTRIBUTION, ETC. | |
| Date of publication, distribution, etc. | 2004 |
| 490 ## - SERIES STATEMENT | |
| Series statement | Rating Appeals |
| Volume/sequential designation | [2004] RA 318-323(3) |
| 520 ## - SUMMARY, ETC. | |
| Summary, etc. | RA/75/1998,15 September 2003. P appealed against valuation tribunal decision that a seed warehouse was exempt from rates as an agricultural building under the Local Government Finance Act 1988 Sched 5 para 7. "Held" that a seed warehouse occupied by a body corporate whose members were principally farmers' co-operatives and seed growers' associations was not exempt from rates as none of the members occupied agricultural land. View decision at www.landstribunal.gov.uk. |
| 590 ## - LOCAL NOTE (RLIN) | |
| Local note | ABS |
| 650 ## - SUBJECT ADDED ENTRY--TOPICAL TERM | |
| Topical term or geographic name entry element | RE PYRKE (VO) |
| 650 ## - SUBJECT ADDED ENTRY--TOPICAL TERM | |
| Topical term or geographic name entry element | RATING APPEALS |
| 650 ## - SUBJECT ADDED ENTRY--TOPICAL TERM | |
| Topical term or geographic name entry element | EXEMPTION |
| 650 ## - SUBJECT ADDED ENTRY--TOPICAL TERM | |
| Topical term or geographic name entry element | AGRICULTURAL BUILDINGS |
| 650 ## - SUBJECT ADDED ENTRY--TOPICAL TERM | |
| Topical term or geographic name entry element | LOCAL GOVERNMENT FINANCE ACT 1988 SCHED 5 PARA 7 |
| 690 ## - LOCAL SUBJECT ADDED ENTRY--TOPICAL TERM (OCLC, RLIN) | |
| Topical term or geographic name as entry element | RATING AND LOCAL TAXATION-CASE LAW |
| 856 ## - ELECTRONIC LOCATION AND ACCESS | |
| Uniform Resource Identifier | <a href="https://www.landstribunal.gov.uk/judgmentfiles/j21/RA-75-98.pdf">https://www.landstribunal.gov.uk/judgmentfiles/j21/RA-75-98.pdf</a> |
| Public note | View the decision on the Lands Tribunal website... |
| 942 ## - ADDED ENTRY ELEMENTS (KOHA) | |
| Suppress in OPAC | 0 |
| Withdrawn status | Lost status | Source of classification or shelving scheme | Damaged status | Not for loan | Home library | Current library | Shelving location | Date acquired | Total Checkouts | Full call number | Barcode | Date last seen | Copy number | Price effective from | Koha item type |
|---|---|---|---|---|---|---|---|---|---|---|---|---|---|---|---|
| Dewey Decimal Classification | London | London | Journal article | 18/03/2004 | ABS67666 | 125480-1001 | 06/08/2019 | 1 | 06/08/2019 | Law report |